Performance-Based Budgeting in the Public Sector
Saved in:
| Corporate Author: | |
|---|---|
| Other Authors: | , , |
| Format: | Book |
| Language: | English |
| Published: |
Cham
Palgrave Macmillan/Springer Nature AG
2019
|
| Edition: | 1st Edition |
| Series: | Governance and Public Management
|
| Subjects: | |
| Tags: |
No Tags, Be the first to tag this record!
|
MARC
| LEADER | 00000nlm a2200000 4500 | ||
|---|---|---|---|
| 001 | 0254605 | ||
| 005 | 20240826113500.6 | ||
| 020 | |a 978-3-030-02076-7 | ||
| 020 | |a 978-3-030-02077-4 | ||
| 041 | 0 | |a eng | |
| 044 | |a CH | ||
| 245 | 1 | 0 | |a Performance-Based Budgeting in the Public Sector |c Editors: Michiel S. de Vries, Juraj Nemec, David Špaček |
| 250 | |a 1st Edition | ||
| 264 | 1 | |a Cham |b Palgrave Macmillan/Springer Nature AG |c 2019 | |
| 300 | |a online 274 s. | ||
| 490 | 1 | |a Governance and Public Management | |
| 830 | 0 | |a Governance and Public Management | |
| 610 | 2 | 0 | |a sektor verejný |
| 610 | 2 | 0 | |a správa verejná |
| 610 | 2 | 0 | |a riadenie administratívne |
| 610 | 2 | 0 | |a rozpočtovanie |
| 610 | 2 | 0 | |a školy vysoké |
| 610 | 2 | 0 | |a univerzity |
| 610 | 2 | 0 | |a sektory hospodárske |
| 610 | 2 | 0 | |a výkonnosť |
| 610 | 2 | 0 | |a financovanie |
| 610 | 2 | 0 | |a krajiny vyspelé |
| 610 | 2 | 0 | |a krajiny tranzitívne |
| 700 | 1 | |a de Vries, Michiel S. | |
| 700 | 1 | |a Nemec, Juraj | |
| 700 | 1 | |a Špaček, David | |
| 710 | 2 | |a International Institute of Administrative Sciences | |